03611nab a2200313 i 4500003000900000005001700009008004100026040001800067072001400085072001400099100003200113100003100145100003600176100002700212100002600239100003100265245010900296500007600405520121100481520110001692650001302792650002202805650001502827650001502842773032602857856007903183942001603262999001903278BR-BrBNA20240319141352.0240319b2019 bl.qr|pooa||| 00| 0 por | aBR-BrBNAbpor aK10b3103 aU40b3140 aDebastiani, Aline Bernarda  aMartins, Luciellen Pereira aSantos, Kênia Samara Mourão aCorte, Ana Paula Dalla aPellico Netto, Sylvio aSanquetta, Carlos Roberto  aDistribuição do diâmetro de copa e diâmetro quadrático de Araucaria angustifolia e Pinus taeda aPublicação on-line; 24 ref.; 4 tables; 2 illus.; Summaries (En, Pt) a Resumo As funções de densidade de probabilidade têm várias aplicações florestais, entre as quais o tratamento de dados biométricos e uso em modelagem. O objetivo deste estudo foi verificar qual função densidade de probabilidade melhor se ajusta ao diâmetro de copa (dcopa) e ao diâmetro quadrático (dq), e também analisar o efeito dessas variáveis na estrutura da floresta. O estudo foi realizado com uma base de dados de Araucaria angustifolia provenientes de um fragmento florestal, e também com dados de Pinus taedade um plantio florestal, ambos oriundos do estado do Paraná. Para as respectivas áreas de estudo foram delimitadas as copas das árvores com suporte de ortofotos digitais. As funções avaliadas foram: Normal, Log-normal 2P, Beta, Gama, Weibull 3P e Weber. A função que melhor se ajustou à variável dq para ambas as espécies foi a Normal. Já para a variável dcopa, a função de Weibull 3P foi a que apresentou melhor aderência para o fragmento de araucária e a função de Weber para o plantio florestal de pinus. Palavras-chave: Ortofotos; Mensuração Florestal; Estrutura florestal a Abstract The probability density functions have several forest applications, among which biometric data processing and modeling use. The objective of this study was to verify which probability density function best fits the cup diameter (dcopa) and the quadratic diameter (dq), and also to analyze the effect of these variables on the forest structure. The study was carried out with a database of Araucaria angustifolia from a forest fragment, and also with Pinus taeda data from a forest plantation, both from the state of Paraná. For the respective study areas, the crowns of the trees with digital orthophoto support were delimited. The evaluated functions were: Normal, Log-normal 2P, Beta, Gama, Weibull 3P and Weber. The function that best fit the variable dq for both species was Normal. For the variable dcopa, the function of Weibull 3P was the one that presented better adhesion to the Araucaria fragment and the Weber function for the Pinus forest plantation. Keywords: Orthophotos; Forest measurement; Pinus; Forest structure aFLORESTA aESTRUTURA VEGETAL aFOTOGRAFIA aDIÂMETRO0 040659313811dSanta Maria-RS Universidade Federal de Santa Maria - Centro de Pesquisas Florestais.Departamento de Ciências Florestais. Programa de Pós-Graduação em Engenharia Florestal 1991o2024-0078tCiência Florestal (Brazil)x0103-9954; 1980-5098 (on-line)gv. 29(1) p. 270-280; (Jan-Mar 2019)wBR2023001599 uhttps://www.scielo.br/j/cflo/a/mHKKGtpMb4RsHgX5Y65X7Hq/?format=pdf&lang=pt cAnalítica c298850d298850